Debate fiscal y financiero Agenda del cambio estructural

Bibliographic Details
Format: eBook
Language:Spanish
Published: Ciudad de Mx̌ico: Cm̀ara de Diputados, 2010
Subjects:
Online Access:Acceso restringido

MARC

LEADER 00000nam a22000007a 4500
005 20171031173359.0
007 cr|||| ||||
008 171031s2010 mx |||||s|||| 00||0 spa d
020 |a 978-607-401-290-3 
035 |a 20796 
040 |a vLex 
090 |c 7175  |d 7175 
245 0 0 |a Debate fiscal y financiero  |h [Recurso electrn̤ico] :  |b Agenda del cambio estructural 
256 |a Servicio en ln̕ea 
260 |a Ciudad de Mx̌ico:  |b Cm̀ara de Diputados,  |c 2010 
300 |a 1 recurso electrn̤ico (528p.) 
506 1 |a Disponible solo en los productos indicados  |d vLex Global  |d vLex Global (Academic Edition, excluding Law Schools)  |d vLex Global (U.S. Academic Edition, Law Schools)  |d vLex Global (U.S. Academic Edition, excluding Law Schools)  |d vLex Global (Academic Edition, Law Schools) 
650 0 4 |a Derecho fiscal  |z Mx̌ico 
650 0 4 |a Financiero  |z Mx̌ico 
740 1 |a vLex Libros (Servicio en ln̕ea) 
856 4 0 |u http://vlex.com/source/debate-fiscal-financiero-agenda-cambio-estructural-20796  |z Acceso restringido 
942 |c BOOK 
999 0 |a Tax law 
999 0 |a Finance--Law and legislation